Estadísticas para Jugadores Chilenos con 10 goles o más en Selección

Haz click aquí para intentar la prueba.

Estadísticas generales

  • Esta prueba ha sido intentada 27 veces
  • La puntuación promedio es 8 de 22

Estadísticas de respuestas

GolesJugador% Correcto
51Alexis Sánchez
100%
34Arturo Vidal
92%
41Eduardo Vargas
88%
34Iván Zamorano
88%
24Leonel Sánchez
88%
37Marcelo Salas
67%
21Humberto Suazo
63%
29Carlos Caszely
38%
14Matías Fernández
38%
12Esteban Paredes
29%
22Jorge Aravena
25%
12Raúl Toro
13%
10Reinaldo Navia
13%
12Alberto Fouillioux
8%
18Juan Carlos Letelier
8%
17Enrique Hormazábal
4%
10Jaime Ramírez Banda
4%
10René Meléndez
4%
10Atilio Cremaschi
0%
12Hugo Rubio
0%
11Julio Crisosto
0%
12Pedro Araya
0%

Distribución de puntuación

Porcentaje por número respondido

Porcentaje de gente con cada puntuación

Historial de tus puntuaciones

No has intentado esta prueba.